| 000 | 00426nam a22001337a 4500 | ||
|---|---|---|---|
| 082 |
_a346.048 _bAKH |
||
| 100 | _aShah Syed Saleem Akhtar | ||
| 245 |
_aCommentary on Benami Property Laws (With Latest Citations Up to Date) / _cSyed Saleem Akhtar Shah |
||
| 250 | _aEdition-2022 | ||
| 260 |
_aLahore, _bLaw & Justice Book House _c2022. |
||
| 300 |
_a288,p; _c24,cm |
||
| 650 |
_aProperty Laws _9128026 |
||
| 942 |
_2ddc _cBK |
||
| 999 |
_c613036 _d613036 |
||